MARC

LEADER 00000nam0a2200000 4500
001 278403
005 20231101235117.0
020 |a RU  |b 86-37579 
035 |a (RuTPU)RU\TPU\book\301680 
090 |a 278403 
100 |a 20141211d1986 k y0rusy5003 ca 
101 0 |a rus 
102 |a RU 
105 |a a z 001zy 
200 1 |a Кристаллические вещества и продукты. Методы оценки и совершенствования свойств  |f Е. В. Хамский 
210 |a Москва  |c Химия  |d 1986 
215 |a 224 с.  |c ил. 
320 |a Библиогр.: с. 212-218 
320 |a Предм. указ.: с. 219-222 
606 1 |a Кристаллография  |2 stltpush  |3 (RuTPU)RU\TPU\subj\16322  |9 42433 
610 1 |a кристаллические продукты 
610 1 |a строение 
610 1 |a кристаллы 
610 1 |a форма 
610 1 |a растворимость 
610 1 |a поверхность 
610 1 |a гранулометрический состав 
610 1 |a характеристика 
610 1 |a свойства 
610 1 |a гигроскопичность 
610 1 |a термостойкость 
610 1 |a изменение 
610 1 |a слеживаемость 
610 1 |a смерзаемость 
675 |a 548  |v 4 
700 1 |a Хамский  |b Е. В.  |g Евгений Владимирович  |4 070 
801 0 |a RU  |b RuMRKP  |c 19950704  |g psbo 
801 1 |a RU  |b 63413507  |c 20141211 
801 2 |a RU  |b 63413507  |c 20200910  |g RCR 
942 |c BK